| 000 | 00484nam a2200181Ia 4500 | ||
|---|---|---|---|
| 005 | 20230316101037.0 | ||
| 008 | 131103s9999 xx 000 0 und d | ||
| 040 | _aLoreto College | ||
| 041 | _aEnglish | ||
| 082 |
_a891.44 _bMAJ |
||
| 100 | _aMajumdar, Mohitlal | ||
| 245 |
_aSahitya-bichar _cMohitlal Majumdar |
||
| 260 |
_aCalcutta _bBidyodoy Library Pvt Ltd _c1966 |
||
| 300 | _a202p | ||
| 650 | _aBengali Literature - History and Criticism | ||
| 850 | _aLCLIB | ||
| 942 | _cBK | ||
| 999 |
_c20403 _d70882 |
||